Central Library OPAC University of Rajshahi

Stories and poems / (Record no. 82737)

MARC details
000 -LEADER
fixed length control field 00749nam a2200229 a 4500
001 - CONTROL NUMBER
control field 82737
003 - CONTROL NUMBER IDENTIFIER
rucl marc code BD-RjUL
005 - DATE AND TIME OF LATEST TRANSACTION
control field 20240123111846.0
008 - FIXED-LENGTH DATA ELEMENTS--GENERAL INFORMATION
fixed length control field 240123r19471916enk 000 0 eng d
035 ## - SYSTEM CONTROL NUMBER
System control number (BD-RjUL)82737
040 ## - CATALOGING SOURCE
Original cataloging agency BGU
Language of cataloging eng
Transcribing agency BD-RjUL
041 ## - LANGUAGE CODE
Language code of text/sound track or separate title eng
082 ## - DEWEY DECIMAL CLASSIFICATION NUMBER
Edition number 23
Classification number 813.49
Author mark and year HAS 1947
100 1# - MAIN ENTRY--PERSONAL NAME
Personal name Harte, Bret,
Dates associated with a name 1836-1902
9 (RLIN) 11043
245 10 - TITLE STATEMENT
Title Stories and poems /
Statement of responsibility, etc. by Bret Harte : selected and edited with and introduction and notes by William MacDonald.
260 ## - PUBLICATION, DISTRIBUTION, ETC. (IMPRINT)
Place of publication, distribution, etc. London :
Name of publisher, distributor, etc. Oxford University Press,
Date of publication, distribution, etc. 1947, [reprinted 1916]
300 ## - PHYSICAL DESCRIPTION
Pagination lxxv, 638 p.;
Size 19 cm.
500 ## - GENERAL NOTE
General note Reprint. originally published: 1916
650 ## - SUBJECT ADDED ENTRY--TOPICAL TERM
Topical term or geographic name as entry element Short stories, American
9 (RLIN) 11044
Topical term or geographic name as entry element American literature
9 (RLIN) 5072
942 ## - ADDED ENTRY ELEMENTS (KOHA)
Source of classification or shelving scheme Dewey Decimal Classification
Koha item type Books
Holdings
Lost status Source of classification or shelving scheme Damaged status Not for loan Collection code Permanent Location Current Location Shelving location Date acquired Total Checkouts Full call number Date last seen Copy number Koha item type
  Dewey Decimal Classification   Not For Loan Fiction Central Library, University of Rajshahi Central Library, University of Rajshahi Reading Room 23/01/2024   813.49 HAS 1947 23/01/2024 C-1 Books